Sunat nabvi aur jadeed science (Record no. 582261)
[ view plain ]
| 000 -LEADER | |
|---|---|
| fixed length control field | 00507nam a22001697a 4500 |
| 003 - CONTROL NUMBER IDENTIFIER | |
| control field | CEME |
| 005 - DATE AND TIME OF LATEST TRANSACTION | |
| control field | 20210628205749.0 |
| 008 - FIXED-LENGTH DATA ELEMENTS--GENERAL INFORMATION | |
| fixed length control field | 210316b xxu||||| |||| 00| 0 eng d |
| 040 ## - CATALOGING SOURCE | |
| Transcribing agency | . |
| 082 ## - DEWEY DECIMAL CLASSIFICATION NUMBER | |
| Classification number | 297.63 TAR |
| 100 ## - MAIN ENTRY--PERSONAL NAME | |
| Personal name | Tariq Mehmood, Hakeem Muhammad Tariq Mehmood, Hakeem Hakeem Muhammad Tariq Mehmood |
| 9 (RLIN) | 76951 |
| 245 ## - TITLE STATEMENT | |
| Title | Sunat nabvi aur jadeed science |
| 260 ## - PUBLICATION, DISTRIBUTION, ETC. | |
| Place of publication, distribution, etc. | KARACHI |
| Name of publisher, distributor, etc. | DARA-UL-MUTALA |
| Date of publication, distribution, etc. | 1990 |
| 300 ## - PHYSICAL DESCRIPTION | |
| Extent | 2 VOLS |
| 650 ## - SUBJECT ADDED ENTRY--TOPICAL TERM | |
| Topical term or geographic name entry element | ISLAM-SUNAT NABVI-AUR JADEED SCIENCE |
| 9 (RLIN) | 76952 |
| 942 ## - ADDED ENTRY ELEMENTS (KOHA) | |
| Koha item type | Book |
| Source of classification or shelving scheme | |
| Withdrawn status | Lost status | Damaged status | Not for loan | Permanent Location | Current Location | Shelving location | Date acquired | Total Checkouts | Full call number | Barcode | Date last seen | Price effective from | Koha item type |
|---|---|---|---|---|---|---|---|---|---|---|---|---|---|
| College of Electrical & Mechanical Engineering (CEME) | College of Electrical & Mechanical Engineering (CEME) | General Stacks | 06/02/2017 | 297.63 TAR | CEME-32739 | 06/28/2021 | 06/28/2021 | Book | |||||
| College of Electrical & Mechanical Engineering (CEME) | College of Electrical & Mechanical Engineering (CEME) | General Stacks | 06/02/2017 | 297.63 TAR | CEME-32740 | 06/28/2021 | 06/28/2021 | Book |
